<?xml version="1.0" encoding="UTF-8"?>
<collection xmlns="http://www.loc.gov/MARC21/slim">
 <record>
  <leader>00449nam a22001335a 4500</leader>
  <controlfield tag="001">EEA.libagro003599</controlfield>
  <controlfield tag="005">20190527112943.0</controlfield>
  <controlfield tag="008">130809s1975####pe############000#0#spa#d</controlfield>
  <datafield tag="082" ind1="0" ind2="4">
   <subfield code="a">631.7</subfield>
  </datafield>
  <datafield tag="100" ind1="1" ind2=" ">
   <subfield code="a">Luque, Jorge Alfredo.</subfield>
  </datafield>
  <datafield tag="245" ind1="1" ind2="0">
   <subfield code="a">Diagrama computacional para curvas de demanda hídrica en riego /</subfield>
   <subfield code="c">Jorge Alfredo Luque, Antonio Craff.</subfield>
  </datafield>
  <datafield tag="300" ind1=" " ind2=" ">
   <subfield code="a">28 p. ;</subfield>
   <subfield code="c">27 cm.</subfield>
  </datafield>
  <datafield tag="700" ind1="1" ind2=" ">
   <subfield code="a">Craff, Antonio.</subfield>
  </datafield>
  <datafield tag="859" ind1=" " ind2=" ">
   <subfield code="a">AR-BbBCA</subfield>
   <subfield code="b">BIB. AGRONOMIA</subfield>
   <subfield code="h">631.7</subfield>
   <subfield code="i">L966-16</subfield>
   <subfield code="p">1985/0836</subfield>
  </datafield>
 </record>
</collection>
